The presence of the past : (Record no. 18434)

000 -LEADER
fixed length control field 00681cam a2200193 a 4500
020 ## - INTERNATIONAL STANDARD BOOK NUMBER
ISBN 089281537X (ppb.)
040 ## - CATALOGING SOURCE
Transcribing agency DLC
082 00 - DEWEY DECIMAL CLASSIFICATION NUMBER
Classification number 501 PAR 1998 C145 Or.
100 1# - MAIN ENTRY--AUTHOR NAME
Personal name Sheldrake, Rupert.
245 14 - TITLE STATEMENT
Title The presence of the past :
Remainder of title morphic resonance and the habits of nature /
260 ## - PUBLICATION, DISTRIBUTION, ETC. (IMPRINT)
Place of publication Rochester, Vt. :
Name of publisher Park Street Press,
Year of publication c1988.
300 ## - PHYSICAL DESCRIPTION
Number of Pages xxii, 391 p. :
Other physical details ill. ;
Dimensions 24 cm.
500 ## - GENERAL NOTE
General note Originally published: New York : Times Books, c1988.
650 #0 - SUBJECT ADDED ENTRY--TOPICAL TERM
Topical Term Science
650 #0 - SUBJECT ADDED ENTRY--TOPICAL TERM
Topical Term Morphogenesis.
856 42 - ELECTRONIC LOCATION AND ACCESS
Uniform Resource Identifier http://www.loc.gov/catdir/enhancements/fy0644/94044868-d.html
856 42 - ELECTRONIC LOCATION AND ACCESS
Uniform Resource Identifier http://www.loc.gov/catdir/enhancements/fy0735/94044868-b.html
942 ## - ADDED ENTRY ELEMENTS (KOHA)
Koha item type ADB
952 ## - LOCATION AND ITEM INFORMATION (KOHA)
Withdrawn status [LOCAL, KOHA] 0
Holdings
Source of acquisition Permanent Location Date acquired Koha item type Lost status Shelving location Current Location Full call number
A36448Library Block C2019-11-29សៀវភៅភាសាអង់គ្លេស C145Library Block C501 PAR 1998 C145 Or.
មជ្ឈមណ្ឌលឯការនៃសាកលវិទ្យាល័យភូមិន្ទកសិកម្មចំការដូង

Powered by Koha